| Tag |
First Indicator |
Second Indicator |
Subfields |
| LEADER |
00000cam a2200000 i 4500 |
| 001 |
in00003432913 |
| 005 |
20151206130230.0 |
| 008 |
150122t20152015pauab b 001 0 eng |
| 010 |
|
|
|a 2014042285
|
| 020 |
|
|
|a 9780813347899 (paperback alkaline paper)
|
| 020 |
|
|
|a 0813347890 (paperback alkaline paper)
|
| 020 |
|
|
|z 9780813347905 (electronic bk.)
|
| 035 |
|
|
|a (OCoLC)ocn881665380
|
| 040 |
|
|
|a DLC
|e rda
|c DLC
|d UtOrBLW
|
| 043 |
|
|
|a e------
|
| 049 |
|
|
|a TXAM
|
| 050 |
0 |
0 |
|a D802.E8
|b D43 2015
|
| 082 |
0 |
0 |
|a 940.53/4
|2 23
|
| 100 |
1 |
|
|a Deák, István,
|e author.
|
| 245 |
1 |
0 |
|a Europe on trial :
|b the story of collaboration, resistance, and retribution during World War II /
|c István Deák, Columbia University ; foreword by Norman M. Naimark, Stanford University.
|
| 264 |
|
1 |
|a Philadelphia :
|b Westview Press,
|c [2015]
|
| 264 |
|
4 |
|c ©2015
|
| 300 |
|
|
|a xxiii, 257 pages :
|b illustrations, maps ;
|c 23 cm.
|
| 336 |
|
|
|a text
|b txt
|2 rdacontent
|
| 337 |
|
|
|a unmediated
|b n
|2 rdamedia
|
| 338 |
|
|
|a volume
|b nc
|2 rdacarrier
|
| 504 |
|
|
|a Includes bibliographical references (pages 231-240) and index.
|
| 505 |
0 |
|
|a From brutality to international conventions to renewed brutality: foreign occupations in European history -- Austria, Czechoslovakia, and Poland: the first German conquests -- Defeat and submission: Europe's honeymoon with Hitler, 1939-1941 -- The invasion of the Soviet Union and east European collaboration -- Germany's many allies: a blessing or a curse? -- The beginnings of German decline: the growth and many dilemmas of the resistance movements -- Resistance and civil war in eastern, southern, and southeastern Europe -- Freedom fighters or terrorists: case studies of resistance and reprisal -- The end of the war, the apparent triumph of the resistance movements, and the first retributions -- Purging Hitler's Europe -- The long aftermath of collaboration, resistance, and retribution.
|
| 650 |
|
0 |
|a World War, 1939-1945
|x Collaborationists
|z Europe.
|
| 650 |
|
0 |
|a World War, 1939-1945
|x Underground movements
|z Europe.
|
| 650 |
|
0 |
|a World War, 1939-1945
|x Occupied territories.
|
| 650 |
|
0 |
|a World War, 1939-1945
|x Reparations.
|
| 700 |
1 |
|
|a Naimark, Norman M.,
|e author of foreword.
|
| 945 |
|
|
|a PromptCat
|
| 946 |
|
|
|a stk
|
| 947 |
|
|
|a A14842952286
|
| 948 |
|
|
|a cataloged
|b h
|c 2015/3/10
|d c
|e dmitchel
|f 2:00:00 pm
|
| 994 |
|
|
|a 92
|b TXA
|
| 999 |
|
|
|a MARS
|
| 999 |
f |
f |
|s 01981f48-3a9d-39f8-98cc-2e30a0630755
|i f2bcd73d-2f45-33b6-9442-747124f168d7
|t 0
|
| 952 |
f |
f |
|p normal
|a Texas A&M University
|b College Station
|c Sterling C. Evans Library
|d Evans: Library Stacks
|t 0
|e D802.E8 D43 2015
|h Library of Congress classification
|i unmediated -- volume
|m A14842952286
|
| 998 |
f |
f |
|a D802.E8 D43 2015
|t 0
|l Evans: Library Stacks
|